ბათუმის შოთა რუსთაველის სახელმწიფო უნივერსიტეტის ბიბლიოთეკა

Курс коллоидной химии. Поверхностные явления и дисперсные системы. (ბიბ.ჩანაწერი № 50912)

000 -LEADER
fixed length control field 00627nam a2200205Ia 4500
001 - CONTROL NUMBER
control field 17867
003 - CONTROL NUMBER IDENTIFIER
control field GE_BSU
008 - FIXED-LENGTH DATA ELEMENTS--GENERAL INFORMATION
fixed length control field 181216s||||||||xx |||||||||||||| ||und||
020 ## - INTERNATIONAL STANDARD BOOK NUMBER
International Standard Book Number 5724502445.
040 ## - CATALOGING SOURCE
Transcribing agency GE_BSU
080 ## - UNIVERSAL DECIMAL CLASSIFICATION NUMBER
Universal Decimal Classification number 541.18(075.8)
100 ## - MAIN ENTRY--PERSONAL NAME
Personal name Фролов,Ю.Г.
245 ## - TITLE STATEMENT
Title Курс коллоидной химии. Поверхностные явления и дисперсные системы.
245 ## - TITLE STATEMENT
Remainder of title Учебник для вузов.
260 ## - PUBLICATION, DISTRIBUTION, ETC.
Name of publisher, distributor, etc. Химия.
260 ## - PUBLICATION, DISTRIBUTION, ETC.
Date of publication, distribution, etc. 1988.
300 ## - PHYSICAL DESCRIPTION
Extent 464 стр. с илл. 21 см.
653 ## - INDEX TERM--UNCONTROLLED
Uncontrolled term Курс коллоидной химии.
942 ## - ADDED ENTRY ELEMENTS (KOHA)
Koha item type წიგნი
ეგზემპლარები
Withdrawn status Lost status Damaged status Not for loan Date acquired Barcode Date last seen Price effective from Koha item type
        2018-12-17 9624 2018-12-17 2018-12-17 წიგნი